000 00510nam a2200181Ia 4500
001 13115
005 20260306163030.0
008 260306t2010||||xx |||||||||||||| ||spa||
041 _aESP
082 _aRI 338.985
_bP87 2010
100 _aPrograma de las Naciones Unidas para el Desarrollo
_eAUT
245 0 _aLa verdadera riqueza de las naciones:
_bcaminos al desarrollo humano
260 _c2010
300 _aXIV, 247 páginas :
_c28 cm.
650 _aGEN
654 _aCAN
942 _cLIB
_dJUS
_fJUS
_2ddc
_n
999 _c13115
_d13115